00646nam a2200193Ia 4500008004100000020001500041082001300056100001700069245005600086250000800142260003500150300000700185500002400192650001200216942000700228952010000235952010000335999001700435230524s9999 xx 000 0 und d a8122403484 a537bERI aErich Gelder 4aThe Transistors as AF-Amplifier Output Stages Pi-24 a1ST aNEW DELHIbWiley Easternc1991 a71 aQuantity Number: 2 aPhysics cBK 00104070aTATCLbTATCLcGENd2023-05-24l0o537 ERIp6721r2023-05-24w2023-05-24yBKzBS1102 00104070aTATCLbTATCLcGENd2023-05-24l0o537 ERIp6722r2023-05-24w2023-05-24yBKzBS1102 c25769d25769